00957nam a22001935i 4500001000700000003000900007005001700016008004100033040002000074100003900094245017600133250001200309260007400321300002900395500008400424700004100508700003300549852018100582158075ES-MaACL20250902063111.0040823s1898 sp |||| | spa d aCAM bspa cCAM1 aLópez Silva, José, d1861-192513aLa revoltosa b: sainete lírico en un acto dividido en tres cuadros y en verso / coriginal de Jose López Silva y Carlos Fernandez Shaw ; música del maestro Chapí. a7ª ed. aMadrid : b[Arregui y Aruej editores], c1898 (fR. Velasco impresor) a65 p. : bil. ; c19 cm. aEn port.: Estrenado en el teatro de Apolo la noche del 25 de noviembre de 1897.1 aFernández-Shaw, Carlos,d1865-19111 aChapí, Ruperto,d1851-1909 aES-MaACLjF-8635(4) z-- Enc. pasta española conservando la cub. originalz-- -Enc. en un vol. facticio formando parte de la col. facticia "Teatro español moderno", vol. 90